000 00316nam a2200121Ia 4500
008 240731s9999 xx 000 0 und d
022 _a1848-9664
245 0 _aEconomic Research-Ekonomska Istraživanja
260 _bRoutledge
856 _uhttps://www.tandfonline.com/loi/rero20
942 _2ddc
942 _cTFEJ
999 _c76339
_d76339
945 _a1
_bMadushi Gamage
_c1
_dMadushi Gamage